Introduction to chemical principles / (Record no. 329517)

000 -LEADER
fixed length control field 00790nam a2200253 a 4500
001 - CONTROL NUMBER
control field 899914
003 - CONTROL NUMBER IDENTIFIER
control field NUST
005 - DATE AND TIME OF LATEST TRANSACTION
control field 20170511131142.0
008 - FIXED-LENGTH DATA ELEMENTS--GENERAL INFORMATION
fixed length control field 820406s1982 paua 001 0 eng
010 ## - LIBRARY OF CONGRESS CONTROL NUMBER
LC control number 81053095
020 ## - INTERNATIONAL STANDARD BOOK NUMBER
International Standard Book Number 0030584329
040 ## - CATALOGING SOURCE
Original cataloging agency DLC
Transcribing agency DLC
Modifying agency DLC
050 00 - LIBRARY OF CONGRESS CALL NUMBER
Classification number QD33
Item number .P44 1982
082 00 - DEWEY DECIMAL CLASSIFICATION NUMBER
Classification number 540 PET
Edition number 19
100 1# - MAIN ENTRY--PERSONAL NAME
Personal name Peters, Edward I.
9 (RLIN) 470
245 10 - TITLE STATEMENT
Title Introduction to chemical principles /
Statement of responsibility, etc. Edward I. Peters.
250 ## - EDITION STATEMENT
Edition statement 3rd ed.
260 ## - PUBLICATION, DISTRIBUTION, ETC.
Place of publication, distribution, etc. Philadelphia :
Name of publisher, distributor, etc. Saunders College Pub.,
Date of publication, distribution, etc. c1982.
300 ## - PHYSICAL DESCRIPTION
Extent viii, 654 p. :
Other physical details ill. (some col.) ;
Dimensions 25 cm.
490 0# - SERIES STATEMENT
Series statement Saunders golden sunburst series
500 ## - GENERAL NOTE
General note Includes index.
501 ## - WITH NOTE
With note H.B
650 #0 - SUBJECT ADDED ENTRY--TOPICAL TERM
Topical term or geographic name entry element Chemistry.
9 (RLIN) 276
906 ## - LOCAL DATA ELEMENT F, LDF (RLIN)
a 7
b cbc
c orignew
d 2
e ocip
f 19
g y-gencatlg
942 ## - ADDED ENTRY ELEMENTS (KOHA)
Source of classification or shelving scheme
Koha item type Book
Call number prefix 540 PET
Holdings
Withdrawn status Lost status Source of classification or shelving scheme Damaged status Not for loan Collection code Permanent Location Current Location Shelving location Date acquired Total Checkouts Full call number Barcode Date last seen Price effective from Koha item type
            Institute of Environmental Science and Engineering (IESE) Institute of Environmental Science and Engineering (IESE) General Stacks 05/11/2017   540 PET IESE-1824 05/11/2017 05/11/2017 Book
© 2023 Central Library, National University of Sciences and Technology. All Rights Reserved.